Pelo de Zanahoria

保存先:
書誌詳細
第一著者: Renard, Jules
フォーマット: 図書
言語:Undetermined
出版事項: Buenos Aires, Argentina Poseidón 1944
主題:
タグ: タグ追加
タグなし, このレコードへの初めてのタグを付けませんか!

MARC

LEADER 00000nam a2200000Ia 4500
008 170316s9999 xx 000 0 und d
040 |a cru BVZT 
090 |a 840 R-3p 
100 |a Renard, Jules  |9 929 
245 |a Pelo de Zanahoria 
260 |a Buenos Aires, Argentina 
260 |b Poseidón 
260 |c 1944 
300 |a 184 páginas 
650 |a LITERATURA FRANCESA  |9 109 
999 |c 7931  |d 7931 
942 |c 15 D  |h 840 R-3p  |2 z